| 000 | 00528nam a2200193Ia 4500 | ||
|---|---|---|---|
| 003 | GCL | ||
| 008 | 140319s9999 xx 000 0 ara d | ||
| 040 |
_aGCL / _cGCL |
||
| 082 | 0 | 4 |
_a810.9 _bم و |
| 100 | 1 | _aمحمد حسين هيكل | |
| 245 | 1 | 0 |
_aولدى , ط 5 / _cمحمد حسين هيكل |
| 260 |
_a[S.N] : _bدار المعارف ، _c1989 |
||
| 300 | _a262 ص | ||
| 490 | _a | ||
| 650 | 0 | 4 | _aالادب العربى |
| 650 | 0 | 4 | _aالمذكرات |
| 650 | 0 | 4 | _aالتراجم الذاتية |
| 942 |
_2ddc _cBK |
||
| 999 |
_c55816 _d55816 |
||